[Event "DM Veteranklassen 2026"]
[Site "Svendborg"]
[Date "2026.04.06"]
[Round "5.3"]
[White "Jarlnaes, Erik"]
[Black "Moestrup, Jorn"]
[Result "1/2-1/2"]
[WhiteElo "1941"]
[BlackElo "1904"]
[WhiteFideId "1414623"]
[BlackFideId "1403680"]
[EventDate "2026.04.02"]
[EventType "swiss"]
[EventRounds "5"]
[EventCountry "DEN"]
[SourceTitle "Live v. Kasper Jerwiarz"]

1. e4 c5 2. Nf3 d6 3. d4 cxd4 4. Nxd4 Nf6 5. Nc3 a6 6. Be2 e5 7. Nb3 Be6 8. Be3 Be7 9. O-O O-O 10. f3 Nbd7 11. Nd5 Bxd5 12. exd5 b5 13. c4 bxc4 14. Bxc4 Nb6 15. Na5 Nxc4 16. Nxc4 Nd7 17. b4 Bg5 18. Bxg5 Qxg5 19. Nxd6 Qe7 20. Ne4 Qxb4 21. Rb1 Qa5 22. Qd2 Qxd2 23. Nxd2 f5 1/2-1/2

[Event "DM Veteranklassen 2026"]
[Site "Svendborg"]
[Date "2026.04.06"]
[Round "5.4"]
[White "Madsen, Arne Bech"]
[Black "Rosenberg, Jan"]
[Result "1/2-1/2"]
[WhiteElo "1833"]
[BlackElo "1873"]
[WhiteFideId "1416766"]
[BlackFideId "1412531"]
[EventDate "2026.04.02"]
[EventType "swiss"]
[EventRounds "5"]
[EventCountry "DEN"]
[SourceTitle "Live v. Kasper Jerwiarz"]

1. c4 Nf6 2. Nc3 c5 3. g3 d5 4. cxd5 Nxd5 5. Bg2 Nc7 6. Nf3 Nc6 7. O-O e5 8. d3 Be7 9. b3 O-O 10. Bb2 f6 11. Rc1 Rb8 12. Re1 Be6 13. e3 Qd7 14. Re2 Bg4 15. Rd2 Rbd8 16. Qf1 Bxf3 17. Bxf3 f5 18. Rcd1 f4 19. exf4 Nd4 20. Bxb7 exf4 21. Bg2 fxg3 22. hxg3 Nf3+ 23. Bxf3 Rxf3 24. Ne4 Qf5 25. Qe1 Rf8 26. d4 cxd4 27. Rxd4 Re8 28. Qe2 Ne6 29. R4d3 Rxd3 30. Rxd3 Qb5 31. Qd2 Qc6 32. Nd6 Rf8 33. Nc4 Ng5 34. Ne5 Nh3+ 35. Kh2 Rxf2+ 36. Qxf2 Nxf2 37. Nxc6 Nxd3 38. Nxe7+ Kf7 39. Nc6 Nxb2 40. Nxa7 Nd3 41. a3 Ke6 42. b4 Kd7 43. Nb5 Ne5 44. Nc3 Kc6 45. a4 Nd3 46. b5+ Kb6 47. Kg2 Nc5 48. Kf3 Nxa4 49. Nxa4+ Kxb5 50. Nb2 Kc6 51. Ke4 Kd6 52. Kf5 Ke7 53. Nc4 Kf7 54. Ne5+ Ke7 55. g4 Kd6 56. g5 Ke7 57. Ng4 Kf7 58. Nh2 1/2-1/2